000 004920000a22001810004500
003 MACL
005 20150716135000.0
008 150716b xxu||||| |||| 00| 0 eng d
040 _aMACL
_cMACL
041 _aEnglish
082 _a327/SEN
100 _aSen, Jahar
_92332
245 _aIndia And Nepal
_bSome Aspects Of Culture Contact
260 _bIndian Institute Of Advanced Study
_c1992
_aNew Delhi
350 _a120
650 _aInternational Relationships
_92165
942 _cBK
_k327
_2ddc
999 _c3615
_d3615